Elements of civil engineering (Record no. 136290)

000 -LEADER
fixed length control field 00251nam a2200109Ia 4500
008 - FIXED-LENGTH DATA ELEMENTS--GENERAL INFORMATION
fixed length control field 220120s9999||||xx |||||||||||||| ||und||
082 ## - DEWEY DECIMAL CLASSIFICATION NUMBER
Classification number 624 BHA
100 ## - MAIN ENTRY--PERSONAL NAME
Personal name Bhavikatti, B.S
245 #0 - TITLE STATEMENT
Title Elements of civil engineering
260 ## - PUBLICATION, DISTRIBUTION, ETC.
Date of publication, distribution, etc. 2007
300 ## - PHYSICAL DESCRIPTION
Other physical details 0
Holdings
Withdrawn status Lost status Damaged status Not for loan Collection code Home library Current library Date acquired Barcode Date last seen Price effective from Koha item type
        Civil Engineering Central Library Central Library 01/20/2022 GF149 01/20/2022 01/20/2022 Gift Books

Powered by Koha